BHULE NA BHULAYE (Record no. 8534)

MARC details
000 -LEADER
fixed length control field 00324nam a22001337a 4500
005 - DATE AND TIME OF LATEST TRANSACTION
control field 20240705121758.0
008 - FIXED-LENGTH DATA ELEMENTS--GENERAL INFORMATION
fixed length control field 240705b |||||||| |||| 00| 0 eng d
041 ## - LANGUAGE CODE
Language code of text/sound track or separate title eng
100 ## - MAIN ENTRY--AUTHOR NAME
Personal name TATIYA, RAMESHWAR
245 ## - TITLE STATEMENT
Title BHULE NA BHULAYE
260 ## - PUBLICATION, DISTRIBUTION, ETC. (IMPRINT)
Place of publication KOLKATA
Name of publisher RAMESHWAR TATIYA SMRITI NYAS
300 ## - PHYSICAL DESCRIPTION
Number of Pages 160;p
942 ## - ADDED ENTRY ELEMENTS (KOHA)
Koha item type Books
Holdings
Lost status Damaged status Home library Current library Shelving location Date acquired Source of acquisition Cost, normal purchase price Accession Number Koha item type
    JRU Library JRU Library SHELF-44-L 05/07/2024 PURCHASE 30.00 28206 Books
    JRU Library JRU Library SHELF-44-L 05/07/2024 PURCHASE 30.00 28207 Books